000 00300nam a22001337a 4500
008 170912b xxu||||| |||| 00| 0 eng d
020 _a0122152
041 _aeng
080 _a53
100 _a43
101 _aajshf
245 _athe dynamical character of adsorption
_cboer,j,h
942 _2udc
_cBK
999 _c27312
_d27312